Alegatos, apologias, y consultas varias, sobre casi todas las materias morales; privilegios de los señores obispos, de los missionarios apostolicos, y de los regulares, censuras, y modo de proceder en imponerlas (Registro nro. 78729)

Detalles MARC
000 -ENCABEZADO
Número de control [NR] 02158nam a2200337Ia 4500
008 - DE LONGITUD FIJA DE DATOS DE ELEMENTOS - INFORMACIÓN GENERAL
Elementos de longitud fija [NR] 130821s1753 sp a gr spa
040 ## - FUENTE DE CATALOGACION [NR]
Agencia de catalogación original [NR] Co-BoUCM
Idioma de catalogación [NR] spa
041 0# - CODIGO DE IDIOMA [R]
Código de idioma para texto/pista de sonido o título separado [R] Español
-- Latín
092 ## - SIGNATURA TOPOGRAFICA LOCAL
Número de clasificación local E16N038
100 1# - ASIENTO PRINCIPAL--NOMBRE PERSONAL [NR]
Nombre personal [NR] Torrecilla, Martín de
Fechas asociadas con el nombre [NR] d.1709
245 10 - MENCION DE TITULO [NR]
Título [NR] Alegatos, apologias, y consultas varias, sobre casi todas las materias morales; privilegios de los señores obispos, de los missionarios apostolicos, y de los regulares, censuras, y modo de proceder en imponerlas
Parte restante del título [NR] Tomo Tercero
Mención de responsabilidad, etc. [NR] su autor el R.
250 ## - MENCION DE EDICION [NR]
Mención de edición [NR] 2a imp.
260 ## - PUBLICACION, DISTRIBUCION, ETC. (PIE DE IMPRENTA) [R]
Lugar de publicación, distribución, etc. [R] Madrid (España)
Nombre del editor, distribuidor, etc. [R] Imprenta de los Herederos de la Viuda de Juan García Infanzòn
Fecha de publicación, distribución, etc. [R] 1753
300 ## - DESCRIPCION FISICA [R]
Extensión [R] [20], 563 páginas
Otros detalles físicos [NR] ilustraciones
500 ## - NOTA GENERAL [R]
Nota general [NR] Detalles físicos: Encuadernación en pergamino con deterioro en bordes, conserva guardas y portada impresa a una sola tinta, con elementos tipográficos que se repiten para formar un marco y un pequeño grabado (león). Texto impreso en dos columnas
504 ## - NOTA DE BIBLIOGRAFIA, ETC. [R]
Nota de bibliografía, etc. [NR]
505 0# - NOTA DE CONTENIDO CON FORMATO PREESTABLECIDO [R]
Nota de contenido con formato preestablecido [NR] V.3: Apología primera que se defiende los privilegios que el Tridentino concede á los señores obispos, y la doctrina que yo di acerca de los misionarios apostólicos, de los reguladores en orden a los casos ocultos de la bula de la cena. ; Pleyt
506 ## - NOTA DE RESTRICCIONES DE ACCESO [R]
Condiciones de acceso [NR] Consulta en sala.
546 ## - NOTA DE IDIOMA [R]
Nota de idioma [NR] Texto en español, con expresiones en latín.
650 ## - ASIENTO SECUNDARIO DE MATERIA - TERMINO TEMATICO [R]
9 (RLIN) 17138
Término temático o nombre geográfico como elemento de entrada [NR] Iglesia y Estado
Subdivisión cronológica [R] Siglo XVIII
650 ## - ASIENTO SECUNDARIO DE MATERIA - TERMINO TEMATICO [R]
Término temático o nombre geográfico como elemento de entrada [NR] Derecho canónico
9 (RLIN) 12710
650 ## - ASIENTO SECUNDARIO DE MATERIA - TERMINO TEMATICO [R]
Término temático o nombre geográfico como elemento de entrada [NR] Derecho civil
Subdivisión general [R] Obras anteriores a 1800
9 (RLIN) 12711
650 ## - ASIENTO SECUNDARIO DE MATERIA - TERMINO TEMATICO [R]
Término temático o nombre geográfico como elemento de entrada [NR] Derecho eclesiástico
Subdivisión general [R] Obras anteriores a 1800
9 (RLIN) 12757
650 ## - ASIENTO SECUNDARIO DE MATERIA - TERMINO TEMATICO [R]
Término temático o nombre geográfico como elemento de entrada [NR] Monasticismo
Subdivisión general [R] Obras anteriores a 1800
9 (RLIN) 19707
650 ## - ASIENTO SECUNDARIO DE MATERIA - TERMINO TEMATICO [R]
Término temático o nombre geográfico como elemento de entrada [NR] Religión y derecho
9 (RLIN) 23507
650 ## - ASIENTO SECUNDARIO DE MATERIA - TERMINO TEMATICO [R]
Término temático o nombre geográfico como elemento de entrada [NR] Vida cristiana
Subdivisión general [R] Derecho
-- Obras anteriores a 1800
9 (RLIN) 26223
700 1# - ASIENTO SECUNDARIO - NOMBRE PERSONAL [R]
Nombre personal [NR] Juan García Infanzón
Títulos u otras palabras asociadas con el nombre [R] Herederos de la viuda de
Término de relación [R]
856 41 - LOCALIZACION Y ACCESO ELECTRONICOS [R]
Nota dirigida al público [R] Disponible en línea V.3 de 1697
Identificador Uniforme del Recurso (“URI”) [R] <a href="http://books.google.com.co/books?id=DQl9qmGRl2QC&printsec=frontcover&dq=alegatos+apologias+y+consultas+varias&hl=es&sa=X&ei=r1wpT8XRAYqNigKm17DECg&ved=0CC8Q6AEwAA#v=onepage&q=alegatos%20apologias%20y%20consultas%">http://books.google.com.co/books?id=DQl9qmGRl2QC&printsec=frontcover&dq=alegatos+apologias+y+consultas+varias&hl=es&sa=X&ei=r1wpT8XRAYqNigKm17DECg&ved=0CC8Q6AEwAA#v=onepage&q=alegatos%20apologias%20y%20consultas%</a>
942 ## - ELEMENTOS DE ENTRADA AGREGADOS (KOHA)
Tipo de ítem principal el descrito en 300a Libro
Tema principal Derecho
Edición 2
Sistema de clasificación DEWEY
Clasificación 261.7
Existencias
Total préstamos Código de barras Última vez visto Volúmen / Fascículo Ejemplar Price effective from Tipo de ítem Perdido Sistema de clasificación Dañado No prestable Tipo de ítem específico Suprimido Ubicación habitual Ubicación actual Localización Fecha de creación Forma de adquisición Costo
  L002494 15/12/2012 E16N038 V.3 Ej.1 03/02/2013 Libro   DEWEY     Libro archivo     Archivo Histórico Archivo histórico 28/02/2014 Donación 0.00